000 00937nam a2200253 a 4500
001 000013250
005 20200929163157.0
008 970508s1995 ve ab b 001 0 spa
010 _a97149103
020 _a9806100727
020 _a9802480576
040 _aDO-SdBNP
_cDLC
043 _as-ve---
050 0 0 _aSB484.V4
_bP35 1995
245 0 0 _aParque Nacional Yacambu /
_cUnellez, Fundacion Polar.
260 _a[Venezuela?] :
_bUnellez :
_bFundacion Polar,
_c[1995].
300 _a101, xxvii p. :
_bill. (some col.), col. maps ;
_c23 cm.
504 _aIncludes bibliographical references (p. 96-97) and index.
651 0 _aParque Nacional Yacambu (Venezuela{Rpara}
_930436
650 0 _aNatural history
_zVenezuela
_zParque Nacional Yacambu.
_930437
710 2 _aUniversidad Nacional Experimental de los Llanos Occidentales "Ezequiel Zamora"
_930438
710 2 _aFundacion Polar.
_93571
910 _aCatalogación por copia / LC
999 _c12881
_d12881